History Quiz

Random History or Century Quiz

18th Century Match-up Quiz Stats

 Plays Quiz Updated Jun 12, 2016

Score 0/30 Timer 06:00
4 Plays Today
% Correct
Boston
98%
Gulliver's
97%
Marie
96.5%
Robinson
95.3%
Reign of
92.2%
Auld Lang
88.3%
Federalist
82.8%
Magic
82.4%
Common
82.2%
HMS
80.7%
Immanuel
79.4%
Maximilien
78%
Social
74.6%
Tokugawa
74.1%
Valley
69%
% Correct
Lyrical
68.4%
Cao
61.8%
Transit of
56.8%
Tennis Court
56.2%
Ancien
54.3%
Grigory
54.1%
Jenkins'
53.9%
Toussaint
52.1%
Túpac
51.9%
Denis
50.7%
South Sea
48.4%
Sans
45.5%
Tristram
42.3%
Phillis
42.1%
Olympe
40.1%

You're not logged in!

Compare scores with friends on all Sporcle quizzes.
OR
Log In

Show Comments

Extras

Top Quizzes Today


Score Distribution

Your Account Isn't Verified!

In order to create a playlist on Sporcle, you need to verify the email address you used during registration. Go to your Sporcle Settings to finish the process.

Report this User

Report this user for behavior that violates our Community Guidelines.

Details: